| 000 | 00516nam a2200205Ia 4500 | ||
|---|---|---|---|
| 003 | GCL | ||
| 008 | 140319s9999 xx 000 0 eng d | ||
| 040 |
_aGCL / _cGCL |
||
| 082 | 0 | 4 |
_a540 _bB C |
| 100 | 1 | _aPARDUE, HARRY L. | |
| 245 | 1 | 0 |
_aCHEMISTRY: AN EXPERIMENTAL SCIENCE / _cPARDUE, HARRY L. |
| 700 | 1 | _aBODNER, GPORGE M. | |
| 260 |
_a[S.N] : _bJOHN WILEY AND SONS. INC ، _c1995 |
||
| 300 | _a983 P | ||
| 650 | 0 | 4 | _aSOLIDS |
| 650 | 0 | 4 | _aCHEMISTRY |
| 650 | 0 | 4 | _aGAS |
| 650 | 0 | 4 | _aLIQUIDS |
| 942 |
_2ddc _cBK |
||
| 999 |
_c20110 _d20110 |
||